<?xml version="1.0" encoding="UTF-8"?>
<record
    xmlns:xsi="http://www.w3.org/2001/XMLSchema-instance"
    xsi:schemaLocation="http://www.loc.gov/MARC21/slim http://www.loc.gov/standards/marcxml/schema/MARC21slim.xsd"
    xmlns="http://www.loc.gov/MARC21/slim">

  <leader>03699nam a2200577Ia 4500</leader>
  <controlfield tag="001">723</controlfield>
  <controlfield tag="008">241029s9999    xx            000 0 und d</controlfield>
  <datafield tag="010" ind1=" " ind2=" ">
    <subfield code="a">651</subfield>
  </datafield>
  <datafield tag="041" ind1=" " ind2=" ">
    <subfield code="a">Espa&#xF1;ol</subfield>
  </datafield>
  <datafield tag="082" ind1=" " ind2=" ">
    <subfield code="a">NO APLICA</subfield>
  </datafield>
  <datafield tag="245" ind1=" " ind2="0">
    <subfield code="a">Uso de las TIC&#xB4;S en el proceso de ense&#xF1;anza aprendizaje de la Lengua Espa&#xF1;ola en el Liceo Nocturno Domingo Moreno Jim&#xE9;nez</subfield>
  </datafield>
  <datafield tag="260" ind1=" " ind2=" ">
    <subfield code="a">Santo Domingo</subfield>
  </datafield>
  <datafield tag="300" ind1=" " ind2=" ">
    <subfield code="a">70</subfield>
  </datafield>
  <datafield tag="520" ind1=" " ind2=" ">
    <subfield code="a">9</subfield>
  </datafield>
  <datafield tag="630" ind1=" " ind2=" ">
    <subfield code="a">Capacitaci&#xF3;n Docente</subfield>
  </datafield>
  <datafield tag="630" ind1=" " ind2=" ">
    <subfield code="a">Docentes</subfield>
  </datafield>
  <datafield tag="630" ind1=" " ind2=" ">
    <subfield code="a">Proceso de Ense&#xF1;anza-Aprendizaje</subfield>
  </datafield>
  <datafield tag="630" ind1=" " ind2=" ">
    <subfield code="a">Recursos Tecnol&#xF3;gicos</subfield>
  </datafield>
  <datafield tag="630" ind1=" " ind2=" ">
    <subfield code="a">Tecnolog&#xED;a Educativa</subfield>
  </datafield>
  <datafield tag="650" ind1=" " ind2=" ">
    <subfield code="a">Tecnolog&#xED;a Educativa</subfield>
  </datafield>
  <datafield tag="690" ind1=" " ind2=" ">
    <subfield code="a">Elaborado</subfield>
  </datafield>
  <datafield tag="700" ind1=" " ind2=" ">
    <subfield code="e">asesor</subfield>
    <subfield code="a">Paredes Feliz, Domingo</subfield>
  </datafield>
  <datafield tag="700" ind1=" " ind2=" ">
    <subfield code="e">autor</subfield>
    <subfield code="a">Hinojosa Reynoso, Miguel</subfield>
  </datafield>
  <datafield tag="700" ind1=" " ind2=" ">
    <subfield code="e">autor</subfield>
    <subfield code="a">Castro Mart&#xED;nez, Mercedes</subfield>
  </datafield>
  <datafield tag="901" ind1=" " ind2=" ">
    <subfield code="a">{"1":"Hinojosa Reynoso","2":"Castro Mart&#xED;nez"}</subfield>
    <subfield code="b">{"1":"Miguel","2":"Mercedes"}</subfield>
  </datafield>
  <datafield tag="902" ind1=" " ind2=" ">
    <subfield code="a">1</subfield>
  </datafield>
  <datafield tag="903" ind1=" " ind2=" ">
    <subfield code="a">{"1":"Paredes Feliz"}</subfield>
    <subfield code="b">{"1":"Domingo"}</subfield>
  </datafield>
  <datafield tag="904" ind1=" " ind2=" ">
    <subfield code="a">Maestr&#xED;a en</subfield>
  </datafield>
  <datafield tag="905" ind1=" " ind2=" ">
    <subfield code="a">Tecnolog&#xED;a Educativa</subfield>
  </datafield>
  <datafield tag="906" ind1=" " ind2=" ">
    <subfield code="a">2</subfield>
  </datafield>
  <datafield tag="907" ind1=" " ind2=" ">
    <subfield code="a">NO APLICA</subfield>
  </datafield>
  <datafield tag="908" ind1=" " ind2=" ">
    <subfield code="a">NO APLICA</subfield>
  </datafield>
  <datafield tag="909" ind1=" " ind2=" ">
    <subfield code="a">Universidad Aut&#xF3;noma de Santo Domingo (UASD)</subfield>
  </datafield>
  <datafield tag="910" ind1=" " ind2=" ">
    <subfield code="a">NULL</subfield>
    <subfield code="b">NULL</subfield>
  </datafield>
  <datafield tag="911" ind1=" " ind2=" ">
    <subfield code="a">["1"]</subfield>
  </datafield>
  <datafield tag="912" ind1=" " ind2=" ">
    <subfield code="a">NO APLICA</subfield>
  </datafield>
  <datafield tag="913" ind1=" " ind2=" ">
    <subfield code="a">NULL</subfield>
  </datafield>
  <datafield tag="914" ind1=" " ind2=" ">
    <subfield code="a">01 de Febrero de 2011</subfield>
  </datafield>
  <datafield tag="915" ind1=" " ind2=" ">
    <subfield code="a">17/09/14 11:09</subfield>
  </datafield>
  <datafield tag="916" ind1=" " ind2=" ">
    <subfield code="a">NULL</subfield>
  </datafield>
  <datafield tag="917" ind1=" " ind2=" ">
    <subfield code="a">NULL</subfield>
  </datafield>
  <datafield tag="918" ind1=" " ind2=" ">
    <subfield code="a">NO APLICA</subfield>
  </datafield>
  <datafield tag="919" ind1=" " ind2=" ">
    <subfield code="a">["30","70","163","218","191"]</subfield>
  </datafield>
  <datafield tag="520" ind1=" " ind2=" ">
    <subfield code="a">Los principales objetivos del estudio consistieron en determinar &#xA0;el uso de la &#xA0;TICS &#xA0;en el proceso de ense&#xF1;anza aprendizaje &#xA0;de la Lengua Espa&#xF1;ola en el Liceo Nocturno Domingo Moreno Jim&#xE9;nez, obtener &#xA0;el nivel de capacitaci&#xF3;n de los docentes &#xA0; en el uso de los recursos tecnol&#xF3;gicos, describir los recursos tecnol&#xF3;gicos que utilizan los docentes de la asignatura de la Lengua Espa&#xF1;ola.La metodolog&#xED;a utilizada fue de car&#xE1;cter diagn&#xF3;stico descriptivo. Se fundament&#xF3; en el an&#xE1;lisis y el cuestionario y como t&#xE9;cnicas utiliz&#xF3; Aplicaci&#xF3;n de cuestionario, entrevista, tabulaci&#xF3;n &#xA0;de datos, bibliograf&#xED;a y fuente de datos.Se trabaj&#xF3; con una poblaci&#xF3;n de 14 docentes y 405 estudiantes y como muestra se tomaron los 14 docentes y 78 estudiantes.El estudio concluy&#xF3; que los recursos tecnol&#xF3;gicos m&#xE1;s usados en el desarrollo de la docencia en el &#xE1;rea de&#xA0;Lengua Espa&#xF1;ola&#xA0;es la Computadora, &#xA0;el&#xA0;Internet &#xA0;y la fotocopiadora.La percepci&#xF3;n que tienen los estudiantes sobre el uso de los recurso tecnol&#xF3;gico utilizado por los docente es bueno y los estudiante se siente bien con la implementaci&#xF3;n con los recursos tecnol&#xF3;gicos, el nivel de capacitaci&#xF3;n de los docentes en cuanto al uso de los recursos tecnol&#xF3;gicos el 50% respondi&#xF3; que posee un conocimiento b&#xE1;sico de dicho recurso, en tanto que un 25 por ciento domina alg&#xFA;n software educativos y el 25 por ciento dice &#xA0;manejar los recurso tecnol&#xF3;gico y a pesar de el dominio de los equipos y los programa &#xA0;esto no integran la &#xA0;Tic&#xB4;s &#xA0;al curr&#xED;culos de la&#xA0;Lengua Espa&#xF1;ola.El estudio recomend&#xF3; que se debe capacitar a los maestros del Liceo Domingo Moreno Jim&#xE9;nez en la implementaci&#xF3;n y el uso de TICs para que puedan programar el aprendizaje de sus alumnos, crear un programa de obtenci&#xF3;n de recursos tecnol&#xF3;gico, con el financiamiento de el Ministerio de Educaci&#xF3;n que permita dotar a los maestro de&#xA0;Lengua Espa&#xF1;ola&#xA0;de computadora port&#xE1;til (LAPTOP), crear espacio f&#xED;sico&#xA0;para la instalaci&#xF3;n de centro de c&#xF3;mputo que &#xA0; contribuya al &#xA0;&#xE1;rea de&#xA0;Lengua Espa&#xF1;ola&#xA0;en el Liceo Nocturno Domingo Moreno&#xA0;Jim&#xE9;nez.&#xA0;</subfield>
  </datafield>
  <datafield tag="921" ind1=" " ind2=" ">
    <subfield code="a">16</subfield>
  </datafield>
  <datafield tag="922" ind1=" " ind2=" ">
    <subfield code="a">16</subfield>
  </datafield>
  <datafield tag="923" ind1=" " ind2=" ">
    <subfield code="a">0</subfield>
  </datafield>
  <datafield tag="924" ind1=" " ind2=" ">
    <subfield code="a">NO APLICA</subfield>
  </datafield>
  <datafield tag="942" ind1=" " ind2=" ">
    <subfield code="c">Tesis</subfield>
  </datafield>
  <datafield tag="999" ind1=" " ind2=" ">
    <subfield code="c">651</subfield>
    <subfield code="d">651</subfield>
  </datafield>
</record>
